000 00999nam0a2200289 4500
001 RU\NLR\bibl\904688
005 20250614181302.0
010 _a5-486-00158-4
_91000
021 _aRU
_b2005-74007
_93650
035 _a(NLR Aleph) 000893099
090 _a1730750
_c1730750
100 _a20060207d2005 |||y0rusy50 ca
101 0 _arus
102 _aRU
105 _aa |||||||||
200 1 _aРоберт Шуман (1810-1856)
_e[сборник]
210 _aМосква
_cМир книги
_d2005
215 _aС. 553-576
_cил., цв. ил., портр., факс., нот.
_d29
225 1 _aШедевры мировой классической музыки
_v24
300 _aБез тит. л. и обл.
600 1 _aШуман
_bР.
_f1810 - 1856
_gРоберт
_jСборники
_9999143
_3RU\NLR\auth\66378631
686 _aЩ313(4Г)51-81Шуман
801 0 _aRU
_bNLR
_c20060207
_grcr
801 1 _aRU
_bNLR
_c20060207
942 _cBOOK
980 _aNB